Nos miramos : trabalenguas popular /
Guardado en:
| Autor Principal: | |
|---|---|
| Formato: | Libro |
| Publicado: |
Buenos Aires :
Az,
2013
|
| Series: | Cuentos de las Buenas Noches
|
| Materias: | |
| Etiquetas: |
Agregar Etiqueta
Sin Etiquetas, Sea el primero en etiquetar este registro!
|
| LEADER | 00836nam a22002415a 4500 | ||
|---|---|---|---|
| 001 | CEM.cems015041 | ||
| 008 | 130507s2013##################000#0#####d | ||
| 005 | 20250604140149.0 | ||
| 245 | 1 | 0 | |a Nos miramos : |b trabalenguas popular / |c María Paula Ratti. |
| 260 | |a Buenos Aires : |b Az, |c 2013 | ||
| 300 | |a 16 p. | ||
| 490 | 1 | |a Cuentos de las Buenas Noches | |
| 500 | |a Edición especial del Ministerio de Educación de la Nación. | ||
| 020 | |a 9789873501524 | ||
| 100 | 1 | |a Ratti, María Paula | |
| 082 | 0 | 4 | |a A868.4 |
| 653 | |a Literatura | ||
| 653 | |a Literatura argentina | ||
| 653 | |a Literatura infantil | ||
| 653 | |a Trabalenguas | ||
| 653 | |a Colección ciencias de la educación | ||
| 859 | |a CEMS |b BIB. CEMS - Inicial y Primaria |h A861.4 |i R18-1 |k IP |p 4139 |t Ej.1 | ||
| 859 | |a CEMS |b BIB. CEMS - Ccias. Educacion |h A868.4 |i R18 |k CE |p 27952.19 |t Ej.1 | ||
